000 01171nam a2200289 a 4500
001 BRCA_5020
005 20190320204915.0
008 011110s1802----mx-######v---#000-0#spa-#
041 _aspa
044 _amx
084 _aDOC95
_b.B67
_c1802
100 1 _aBorda, José de la
_912802
245 1 0 _aDocumento de la cuenta particular de Don José de la Borda
_cJosé de la Borda.
260 _aMéxico
_c1802
300 _a[6] fojas
_c32 x 22 cm
500 _aCuenta y documentos de comprobación de lo ministrado Don José de la Borda para sus propios usos. Año de 1802
500 _aEl documento tiene la leyenda DOC. #255
500 _aPapel con marca de agua
500 _aEstado de conservación: Contiene acidificación en el márgen superior y daños provocados por insectos papirográfos
506 0 _aFondo reservado: para su consulta es necesario credencial de usuario y carta de motivos
546 _aTexto en: español de principios del siglo XIX
600 1 4 _aBorda, José de la
_xHistoria
_912767
650 1 4 _aDocumentos legales
_912803
651 4 _aMéxico
_vManuscrito
_xHistoria
_yColonia, 1521-1821
_912804
902 _aFDH
942 _2lcc
_cD
999 _c4714
_d4714